[Event "IRQ Club-chT 25th"]
[Site "Baghdad"]
[Date "2013.02.21"]
[Round "1.4"]
[White "Al Khazaali, Ammar"]
[Black "Salih, Akar Ali Salih"]
[Result "0-1"]
[WhiteElo "2174"]
[BlackElo "2282"]
[PlyCount "65"]
[EventDate "2013.02.21"]
[EventType "team-tourn"]
[EventRounds "15"]
[EventCountry "IRQ"]
[SourceTitle "EXT 2018"]
[Source "ChessBase"]
[SourceDate "2017.10.13"]
[SourceVersion "1"]
[SourceVersionDate "2017.10.13"]
[SourceQuality "1"]

1. d4 Nf6 2. Nf3 g6 3. e3 Bg7 4. Bd3 c5 5. 0-0 0-0 6. Nbd2 Qc7 7. b3 Nc6 8. c4 d5 9. Bb2 cxd4 10. exd4 Nb4 11. Bb1 dxc4 12. Nxc4 b5 13. Nce5 Bb7 14. a3 Nbd5 15. Bd3 a6 16. Rc1 Qb6 17. Re1 Bh6 18. Rc5 Nf4 19. Bb1 Ne6 20. Rc2 Rac8 21. Rxc8 Rxc8 22. Re2 Nf4 23. Rc2 Rd8 24. Bc1 Bd5 25. g3 Nh3+ 26. Kf1 Bxc1 27. Qxc1 Bxf3 28. Nxf3 Rd5 29. Rc3 Ng4 30. Kg2 Nhxf2 31. b4 Qe6 32. Re3 Qd7 33. Qe1 0-1

[Event "Poti Aleksandria Cup 5th"]
[Site "Poti"]
[Date "2010.07.14"]
[Round "4"]
[White "Al Khazaali, Ammar"]
[Black "Lomineishvili, Maia"]
[Result "0-1"]
[WhiteElo "2181"]
[BlackElo "2370"]
[PlyCount "60"]
[EventDate "2010.07.11"]
[EventType "swiss"]
[EventRounds "9"]
[EventCountry "GEO"]
[SourceTitle "CBM 137 Extra"]
[Source "ChessBase"]
[SourceDate "2010.09.01"]
[SourceVersion "1"]
[SourceVersionDate "2010.09.01"]
[SourceQuality "1"]

1. e4 c5 2. Nf3 d6 3. g3 Nc6 4. Bg2 g6 5. 0-0 Bg7 6. d3 Bg4 7. h3 Bxf3 8. Qxf3 e6 9. Nc3 Nge7 10. h4 0-0 11. Bh3 Nd4 12. Qd1 b5 13. Ne2 Nxe2+ 14. Qxe2 b4 15. h5 Nc6 16. hxg6 hxg6 17. Kg2 d5 18. Rh1 a5 19. Bg4 Nd4 20. Qd1 dxe4 21. dxe4 f5 22. Bh3 Qf6 23. f4 fxe4 24. c3 bxc3 25. bxc3 Nf5 26. Qb3 Rab8 27. Qc4 Rb2+ 28. Kg1 Rc2 29. Qxe4 Qxc3 30. Bg2 Qd4+ 0-1